| 000 -LEADER |
| fixed length control field |
01587nam a22001097a 4500 |
| 008 - FIXED-LENGTH DATA ELEMENTS--GENERAL INFORMATION |
| fixed length control field |
180402b xxu||||| |||| 00| 0 eng d |
| 100 ## - MAIN ENTRY--AUTHOR'S NAME |
| Author's Name |
Perry, Elliott |
| 245 ## - TITLE STATEMENT |
| Title |
100 years ago, February - 1842 - August |
| Remainder of title |
Centenary of the first adhesive postage stamps in the United States |
| 260 ## - PUBLICATION, DISTRIBUTION, ETC. (IMPRINT) |
| Place of publication, distribution, etc. |
[Federalsburg? N.Y.] |
| Name of publisher, distributor, etc. |
American Philatelic Society |
| Date of publication, distribution, etc. |
1942 |
| 650 ## - TOPICAL TERM (Tag) |
| Topical term or geographic name |
United States -- New York -- New York City | United States City Despatch Post | Carriers' Issues | 1842 | 1842-1845 | City Despatch Post, New York, NY (Greig's) | Locals and Private Posts | 1842 | 1847 | 1847-1850 | 1849 | Stamps -- Histories | 19th Century | Production -- Sheets and Panes | Production -- Engraving | Plates and Plating | Paper | Errors and Varieties | Forgeries and Counterfeits | Postal History | Covers | Postal Markings | Postage Prepaid Markings | Paid Markings | Fee Paid Mail | Free Franks | First Days | Postal Service | Letter Carriers | Overprints and Surcharges | Provisionals and Forerunners | Greig, Alexander M. | Post Offices | Branch Post Offices | Postal Stations | Letter Boxes | Drop Letters | Postal Rates | Registered Mail | Postal Laws and Regulations | Chronology | Windsor, Henry Thomas | Seymour, William | Post Office City Despatch Post, New York, NY (Mead's) | 1847 | 1847-1850 | Mead, A.R. (Abraham R.) | Coles' City Despatch Post, New York, NY | Coles, Barry | Dupuy & Schenck, New York, NY | Dupuy, Henry J. | Schenck, Jacob H. | Cumming's City Post, New York, NY | Cumming, Arthur H. | City Dispatch, New York, NY | 1846 | U.S. Mail One Cent Pre-paid -- 1849 |
| 700 ## - SECONDARY AUTHOR, EDITOR OR ILLUSTRATOR |
| Personal Name |
Hall, Arthur |